|
|
|
|
| LEADER |
01169nam a2200253 i 4500 |
| 001 |
acta73382 |
| 005 |
20240530111946.0 |
| 008 |
211004s2020 hu o 000 hun d |
| 020 |
|
|
|a 978-615-6060-30-3
|
| 040 |
|
|
|a SZTE Egyetemi Kiadványok Repozitórium
|b hun
|
| 041 |
|
|
|a hun
|
| 245 |
0 |
0 |
|a Fejezetek a magyarországi társadalom- és szociálpolitika történetéből II.
|h [elektronikus dokumentum] :
|b szövegek a kiegyezéstől a rendszerváltásig (1867-1989)
|
| 260 |
|
|
|a Belvedere Meridionale
|b Szeged
|c 2020
|
| 300 |
|
|
|a 714
|c 24 cm
|
| 561 |
|
|
|a Belvedere Meridionale kötetek
|
| 650 |
|
4 |
|a Társadalomtudományok
|
| 650 |
|
4 |
|a Szociológia
|
| 650 |
|
4 |
|a Bölcsészettudományok
|
| 650 |
|
4 |
|a Történettudomány és régészet
|
| 695 |
|
|
|a Társadalompolitika - Magyarország - 19-20 sz., Szociálpolitika - Magyarország - 19-20. sz., Magyarország története - 19-20. sz., Társadalomtörténet - Magyarország - 19-20. sz.
|
| 700 |
0 |
1 |
|a Cora Zoltán
|
| 700 |
0 |
1 |
|a Kiss Mária Rita
|
| 700 |
0 |
1 |
|a Olasz Lajos
|
| 856 |
4 |
0 |
|u http://acta.bibl.u-szeged.hu/73382/1/2020_fejezetek_a_magyarorszagi_tarsadalom_es_szocialpolitika_tortenetebol_002.pdf
|z Dokumentum-elérés
|